000 02922cam a2200289 4500500
005 20260329005221.0
041 _afre
042 _adc
100 1 0 _aDragićević Šešić, Milena
_eauthor
245 0 0 _aLe changement de discours des politiques culturelles : Du développement aux industries culturelles et à la décolonisation.
260 _c2024.
500 _a10
520 _aThis article conveys the speech given by Milena Dragićević Šešić when receiving her honorary doctorate from the University of Montpellier. After evoking her academic career and what it owes to French academic culture, as well as the links that unite Serbia to a specific idea of francophonie and francophilia, she analyzes the evolution of academic worlds in the contemporary context. In a resolutely critical way, she examines their transformation towards “academic capitalism”. The article then discusses the changes that have taken place in teaching and the development of cultural policies around the world, particularly in the Balkans. It deduces the consequences in terms of content, with the simple but often misguided idea that a cultural policy is not limited to sectors of public action but must strive to take a critical look at the world and its fractures.
520 _aCe papier est l’écriture du discours prononcé par Milena Dragićević Šešić à l’occasion de la réception de son titre de docteure honoris causa de l’Université de Montpellier. Après avoir évoqué son parcours universitaire et ce qu’il doit à la culture académique française, ainsi que les liens qui unissent la Serbie à une certaine idée de la francophonie et de la francophilie, elle analyse l’évolution des mondes académiques dans le contexte contemporain. De façon résolument critique, elle examine leur transformation vers ce qu’elle appelle le « capitalisme académique ». Le papier étudie ensuite les changements qui se sont opérés dans l’enseignement et dans le développement des politiques culturelles dans le monde, et en particulier dans le celui des Balkans. Elle en déduit les conséquences en termes de contenus, avec l’idée simple mais souvent dévoyée qu’une politique culturelle ne se limite pas à des secteurs d’action publique, mais doit s’efforcer de poser un regard critique sur le monde et ses fractures, aussi dramatiques qu’elles soient dans l’actualité mondiale.
690 _acapitalisme universitaire
690 _aillibéralisme
690 _amanagement culturel
690 _apolitique culturelle
690 _aSerbie
690 _aAcademic Capitalism
690 _aCultural Management
690 _aCultural Policy
690 _aIlliberalism
690 _aSerbia
786 0 _nPôle Sud | 60 | 1 | 2024-09-25 | p. 133-155 | 1262-1676
856 4 1 _uhttps://shs.cairn.info/revue-pole-sud-2023-3-page-133?lang=fr&redirect-ssocas=7080
999 _c1841408
_d1841408